| 000 | 00938cam a22002411a 4500 | ||
|---|---|---|---|
| 001 | ne 63002311 | ||
| 003 | DLC | ||
| 005 | 20260227111752.0 | ||
| 008 | 831214s1962 ku 000 0 ararc | ||
| 010 | _ane 63002311 | ||
| 035 | _a(OCoLC)10218978 | ||
| 040 |
_aPrinceton Univ. Lir. _cTxU _dDLC |
||
| 042 | _apremarc | ||
| 050 | 0 | 0 |
_aPJ6151 _b.Z3 1962 |
| 100 | 1 |
_aZajjājī, ʻAbd al-Raḥmān ibn Isḥāq, _d-approximately 950. |
|
| 245 | 1 | 0 |
_aMajālis al-ʻulamāʼ, _cli-Abī al-Qāsim ʻAbd al-Raḥmān ibn Isḥāq al-Zajjājī. Taḥqīq ʻAbd al-Sallām Muḥammad Hārūn. |
| 260 |
_aal-Kuwayt, _cWizārat al-Irshād wa-al-Anbāʼ, _c[1962] |
||
| 300 |
_a15, 419 p. : _bfacsims. ; _c24 cm. |
||
| 440 | 3 |
_aal-Turāth al-ʻArabī ; _v9 |
|
| 500 | _aCover title: Majālis al-ʻulamāʼ, by Abū al-Qāsim ʻAbd al-Raḥmān b. Isḥāq al-Zajjāji. | ||
| 504 | _aBibliography: p. 413-418. | ||
| 650 | 0 |
_aArabic language _xSyntax. |
|
| 999 |
_c46412 _d46412 |
||